Noddy and the magic bagpipes (Registo nº 4562)

Detalhes MARC
000 -Etiqueta do registo
Cabeçalho 00639nam0a2200229 4500
005 - Identificador da versão
Campo de controlo 20240813122105.0
010 ## - Número internacional normalizado dos livros (ISBN)
Número (ISBN) 0007123663
100 ## - Dados gerais de processamento
Dados gerais de processamento 2170119 d2003 bc y0pory5003 ba
102 ## - Pais de publicação ou produção
País de publicação Portugal
101 0# - Língua de publicação
Língua do texto, banda sonora, etc. Inglês
215 ## - Descrição física 
Indicação específica da natureza do documento e extensão da espécie [32] p.
Outras indicações físicas il. color
200 1# - Titulo e menção de responsabilidade
Título próprio Noddy and the magic bagpipes
Primeira menção de responsabilidade Enid Blyton
225 1# - Colecção 
Título próprio da colecção Make way for Noddy
Indicação de volume 8
210 ## - Publicação, Distribuição, etc. 
Lugar da edição, distribuição, etc. London
Nome do editor, distribuidor, etc. HarperCollins
Data da publicação, distribuição, etc. 2003
606 ## - Nome comum usado como assunto
Número de registo de entrada de autoridade 0001642
Palavra de ordem Literatura em língua inglesa
Subdivisão de assunto Conto
Código do sistema CA
675 ## - Classificação Decimal Universal (CDU)
Notação 821.111-34=111
Edição 3ª ed.
Língua da edição por
700 #1 - Nome de autor-pessoa física (responsabilidade principal)
Número de registo de entrada de autoridade 0000883
Palavra de ordem Blyton
Outra parte do nome não tomada para palavra de ordem Enid
Datas 1897-1968
966 ## - Identificação da Biblioteca
Sigla EBVEN
942 ## - Elementos de entrada adicionados (Koha)
Tipo de item no Koha Livro
Exemplares
Situação do levantamento Origin of item (home branch) (coded) Biblioteca de empréstimo Código de barras Cota Circulation type (not for loan) Tipo de documento Nota do exemplar Damaged status
  Biblioteca Escolar das Vendas Biblioteca Escolar das Vendas BEV2092 8EST NOD   Livro Sem mensagem